000
00298nam a22001337a 4500
008
181217b xxu||||| |||| 00| 0 eng d
020
_a
007046871
041
_a
eng
080
_a
510
100
_a
36
101
_a
MAT
245
_a
Ordinary Differential Equations
_c
Martin,R.N
942
_2
udc
_c
BK
999
_c
53269
_d
53269